| 000 | 00642 a2200181 4500 | ||
|---|---|---|---|
| 999 |
_c5998 _d5998 |
||
| 020 | _a0139181032 | ||
| 050 | 0 | 0 | _aT56.T38TAY1999 |
| 100 | 1 | _aTaylor, Bernard W., | |
| 245 | 1 | 0 |
_aIntroduction to management science / _cBernard W. Taylor III. |
| 250 | _a6th ed. | ||
| 264 |
_aUpper Saddle River, N.J. : _bPrentice Hall, _cC1999 |
||
| 300 |
_axx, 860 p. : _bill. |
||
| 500 | _aincludes index | ||
| 504 | _aIncludes bibliographical references and index. | ||
| 650 | 0 | _aManagement science. | |
| 942 |
_2lcc _cBK _h56.T38 _iTAY _kT |
||